Statistics for Halloween Generator Puzzle

Click here to take the quiz!

General Stats

  • This quiz has been taken 1,249 times
  • The average score is 10 of 21

Answer Stats

HintAnswer% Correct
Rib, femur, fibula eg.Bone
92%
Burial chamberTomb
90%
Vampire's neck markBite
86%
____ maiden (torture device)Iron
70%
Beetlejuice's BurtonTim
70%
Spooky fogMist
66%
Grave markerStone
64%
The Boogeyman, eg.Monster
56%
"Flight of death": vol de ____Mort
48%
Foreboding signOmen
46%
Weather for a dark night?Storm
42%
Dark film genreNoir
41%
9-Letter WordBRIMSTONE
35%
A bump in the night, eg.Noise
27%
R.I.P noticeObit
26%
Spider's lairNest
23%
Fiery church messageSermon
19%
Witch's cloakRobe
14%
Gloomy, melancholySombre
14%
Saw actor BellTobin
13%
Cannibalistic clan, eg.Tribe
11%

Score Distribution

Percentile by Number Answered

Percent of People with Each Score

Your Score History

You have not taken this quiz